| 000 -LEADER | |
|---|---|
| fixed length control field | 00408nam a22001697a 4500 |
| 005 - DATE AND TIME OF LATEST TRANSACTION | |
| control field | 20170825172239.0 |
| 008 - FIXED-LENGTH DATA ELEMENTS--GENERAL INFORMATION | |
| fixed length control field | 160628b xxu||||| |||| 00| 0 eng d |
| 020 ## - INTERNATIONAL STANDARD BOOK NUMBER | |
| ISBN | 978-93-5014-031-4 |
| 041 ## - LANGUAGE CODE | |
| Language code of text/sound track or separate title | eng |
| 082 ## - DEWEY DECIMAL CLASSIFICATION NUMBER | |
| Item number | 11318 |
| 100 ## - MAIN ENTRY--AUTHOR NAME | |
| Personal name | Tarlok Singh |
| 245 ## - TITLE STATEMENT | |
| Title | Basic Electrical Engineering |
| 260 ## - PUBLICATION, DISTRIBUTION, ETC. (IMPRINT) | |
| Name of publisher | Katson Books |
| Year of publication | 2012 |
| 300 ## - PHYSICAL DESCRIPTION | |
| Number of Pages | 292 |
| 650 ## - SUBJECT ADDED ENTRY--TOPICAL TERM | |
| Topical Term | Diploma Engineering |
| 942 ## - ADDED ENTRY ELEMENTS (KOHA) | |
| Koha item type | Books |
| Lost status | Damaged status | Home library | Current library | Shelving location | Date acquired | Cost, normal purchase price | Full call number | Accession Number | Koha item type | Collection code |
|---|---|---|---|---|---|---|---|---|---|---|
| JRU Library | SHELF-36-E | 28/06/2016 | 175.00 | 11318 | 11318 | Books | ||||
| JRU Library | JRU Library | SHELF-58-E | 28/06/2016 | 175.00 | 11318 | 11319 | Books | MINING | ||
| JRU Library | SHELF-36-E | 28/06/2016 | 175.00 | 11318 | 11320 | Books | ||||
| JRU Library | SHELF-36-E | 28/06/2016 | 175.00 | 11318 | 11321 | Books | ||||
| JRU Library | SHELF-36-E | 28/06/2016 | 175.00 | 11318 | 11322 | Books | ||||
| JRU Library | SHELF-36-E | 28/06/2016 | 175.00 | 11318 | 11323 | Books | ||||
| JRU Library | SHELF-36-E | 28/06/2016 | 175.00 | 11318 | 11324 | Books | ||||
| JRU Library | JRU Library | SHELF-58-E | 28/06/2016 | 175.00 | 11318 | 11325 | Books | MINING | ||
| JRU Library | SHELF-35-E | 28/06/2016 | 175.00 | 11318 | 11326 | Books | ||||
| JRU Library | JRU Library | SHELF-58-E | 28/06/2016 | 175.00 | 11318 | 11327 | Books | MINING | ||
| JRU Library | JRU Library | SHELF-58-E | 28/06/2016 | 175.00 | 11318 | 11328 | Books | MINING | ||
| JRU Library | SHELF -72- G | 28/06/2016 | 175.00 | 11329 | Books | Reference | ||||
| JRU Library | SHELF-36-E | 28/06/2016 | 175.00 | 11318 | 11330 | Books | ||||
| Lost | JRU Library | SHELF-36-E | 28/06/2016 | 175.00 | 11318 | 11331 | Books | |||
| JRU Library | JRU Library | SHELF-58-E | 28/06/2016 | 175.00 | 11318 | 11332 | Books | MINING | ||
| JRU Library | JRU Library | SHELF-58-E | 28/06/2016 | 175.00 | 11318 | 11333 | Books | MINING | ||
| JRU Library | SHELF-36-E | 28/06/2016 | 175.00 | 11318 | 11334 | Books | ||||
| JRU Library | SHELF-36-E | 28/06/2016 | 175.00 | 11318 | 11335 | Books | ||||
| JRU Library | JRU Library | SHELF-58-E | 28/06/2016 | 175.00 | 11318 | 11336 | Books | MINING |